000
00313nam a2200133Ia 4500
008
240624s9999 xx 000 0 und d
041
_a
eng
082
_a
006.74 HOL
100
_a
HOLZNER STEVEN
245
_a
HTML BLACK BOOK
260
_c
2004
_a
New Delhi
_b
Dreamtech Press
300
_a
xxviii, : 1195
365
_c
RS
999
_c
955
_d
955